Wszystkie stolice państw - Statystyki

Ogólne statystyki
  • Ten quiz został rozwiązany 30 razy
  • Średni wynik to 80 z 196
Statystyki odpowiedzi
Państwo Stolica % Poprawnych
Belgia Bruksela
88%
Argentyna Buenos Aires
88%
Australia Canberra
88%
Andora Andora
83%
Albania Tirana
83%
Austria Wiedeń
83%
Egipt Kair
79%
Dania Kopenhaga
79%
Chiny Pekin
79%
Czechy Praga
79%
Bułgaria Sofia
79%
Estonia Tallinn
79%
Polska Warszawa
79%
Algieria Algier
75%
Grecja Ateny
75%
Niemcy Berlin
75%
Brazylia Brasilia
75%
Słowacja Bratysława
75%
Węgry Budapeszt
75%
Finlandia Helsinki
75%
Portugalia Lizbona
75%
Meksyk Meksyk
75%
Białoruś Mińsk
75%
Rosja Moskwa
75%
Norwegia Oslo
75%
Francja Paryż
75%
Łotwa Ryga
75%
Szwecja Sztokholm
75%
Japonia Tokio
75%
USA Waszyngton
75%
Rumunia Bukareszt
71%
Luksemburg Luksemburg
71%
Hiszpania Madryt
71%
Indie Nowe Delhi
71%
San Marino San Marino
71%
Bośnia i Hercegowina Sarajewo
71%
Liechtenstein Vaduz
71%
Litwa Wilno
71%
Chorwacja Zagrzeb
71%
Azerbejdżan Baku
67%
Irlandia Dublin
67%
Ukraina Kijów
67%
Mołdawia Kiszyniów
67%
Wielka Brytania Londyn
67%
Czarnogóra Podgorica
67%
Islandia Reykjavik
67%
Włochy Rzym
67%
Korea Płd Seul
67%
Watykan Watykan
67%
Turcja Ankara
63%
Armenia Erywań
63%
Monako Monako
63%
Cypr Nikozja
63%
Kosowo Prisztina
63%
Malta Valletta
63%
Serbia Belgrad
58%
Szwajcaria Berno
58%
Afganistan Kabul
58%
Jamajka Kingston
58%
Saint Vincent i Grenadyny Kingstown
58%
Peru Lima
58%
Słowenia Lublana
58%
Kanada Ottawa
58%
Chile Santiago
58%
Macedonia Płn Skopje
58%
Kazachstan Astana
54%
Korea Płn Pjongjang
54%
Maroko Rabat
54%
Arabia Saudyjska Rijad
54%
Kolumbia Bogota
50%
Kuba Hawana
50%
Urugwaj Montevideo
50%
Gruzja Tbilisi
50%
Tunezja Tunis
50%
Mongolia Ułan Bator
50%
Senegal Dakar
46%
Syria Damaszek
46%
Katar Doha
46%
Boliwia La Paz,Sucre
46%
Ekwador Quito
46%
Singapur Singapur
46%
Iran Teheran
46%
Zea Abu Zabi
42%
Irak Bagdad
42%
Tajlandia Bangkok
42%
Bangladesz Dhaka
42%
Indonezja Dżakarta
42%
Angola Luanda
42%
Kenia Nairobi
42%
Panama Panama
42%
Dominikana Santo Domingo
42%
Nowa Zelandia Wellington
42%
Etiopia Addis Abeba
38%
Madagaskar Antananarywa
38%
Wenezuela Caracas
38%
Gwatemala Gwatemala
38%
Wietnam Hanoi
38%
DRK Kinszasa
38%
Kuwejt Kuwejt
38%
Bahrajn Manama
38%
Filipiny Manila
38%
Nigeria Abudża
33%
Belize Belmopan
33%
Barbados Bridgetown
33%
Gujana Georgetown
33%
Malediwy Male
33%
Bahamy Nassau
33%
Salawador San Salvador
33%
Tajwan Tajpej
33%
Libia Trypolis
33%
Ghana Akra
29%
Paragwaj Asuncion
29%
Brunei Bandar Seri Begawan
29%
Liban Bejrut
29%
Gwinea Bissau Bissau
29%
Dżibuti Dżibuti
29%
Nepal Katmandu
29%
Mozambik Maputo
29%
Czad Ndżamena
29%
Haiti Port-Au-Prince
29%
Jemen Sana
29%
Kostaryka San Jose
29%
Fidżi Suva
29%
Uzbekistan Taszkent
29%
Burkina Faso Wagadugu
29%
Turkmenistan Aszchabad
25%
Mali Bamako
25%
Kirgistan Biszkek
25%
Kongo Brazzaville
25%
Timor Wsch Dili
25%
Sierra Leone Freetown
25%
Botswana Gaborone
25%
Burundi Gitega
25%
Pakistan Islamabad
25%
Togo Lome
25%
Nikaragua Managua
25%
Oman Maskat
25%
Somalia Mogadiszu
25%
Trynidad i Tobago Port-of-Spain
25%
Jordania Amman
21%
Sudan Chartum
21%
Tadżykistan Duszanbe
21%
Zimbabwe Harare
21%
Gabon Libreville
21%
Zambia Lusaka
21%
Liberia Monrovia
21%
Mjanma Naypyidaw
21%
Kambodża Phnom Penh
21%
Dominika Roseau
21%
Antigua i Barbuda Saint John's
21%
Honduras Tegucigalpa
21%
Samoa Apia
17%
Erytrea Asmara
17%
Gambia Bandżul
17%
Kamerun Jaunde
17%
Gwinea Konakry
17%
Niger Niamey
17%
Surinam Paramaribo
17%
Mauritius Port Louis
17%
Grenada Saint George's
17%
Wy. ŚT i K. Sao Tome
17%
Bhutan Thimphu
17%
Seszele Victoria
17%
Laos Wientian
17%
Namibia Windhuk
17%
Saint Kitts i Nevis Basseterre
13%
Sudan Płd Dżuba
13%
Uganda Kampala
13%
Gwinea Równikowa Malabo
13%
Lesotho Maseru
13%
Mauretania Nawakszut
13%
Tonga Nuku'alofa
13%
Mikronezja Palikir
13%
Papua-Nowa Gwinea Port Moresby
13%
Nauru Yaren
13%
RŚA Bangi
8%
Saint Lucia Castries
8%
Rwanda Kigali
8%
Malawi Lilongwe
8%
Wy. Marshalla Majuro
8%
Komory Moroni
8%
Palau Ngerulmud
8%
Holandia Amsterdam,Haga
4%
Kiribati Bairiki
4%
Tanzania Dodoma,Dar es Salaam
4%
Wy. Salomona Honiara
4%
Vanuatu Port Vila
4%
RZP Praia
4%
Tuvalu Vaiaku
4%
WKS Jamusukro,Abidżan
0%
Izrael Jerozolima, Tel Awiw-Jafa
0%
RPA Kapsztad,Bloemfortein,Pretoria
0%
Sri Lanka Kolombo, Kotte
0%
Malezja Kuala Lumpur,Putrajaya
0%
Eswatini Mbabane,Lobamba
0%
Benin Porto-Novo, Kotonu
0%
Nie znaleziono quizów pasujących do podanych kryteriów
Rozkład punktacji
Procent ludzi z każdym wynikiem
Percentyl według liczby udzielonych odpowiedzi
Twoja historia wyników
Nie rozwiązałeś tego quizu